Statistics for Countries with the Most Renewable Water

Click here to take the quiz!

General Stats

  • This quiz has been taken 90 times
  • The average score is 15 of 21

Answer Stats

AmountCountry% Correct
3,069United States
99%
4,508Russia
92%
2,902Canada
92%
8,233Brazil
89%
2,840China
87%
1,911India
87%
814Argentina
81%
922Chile
79%
2,132Colombia
76%
1,233Venezuela
75%
1,913Peru
75%
2,019Indonesia
73%
622Bolivia
67%
1,283D.R. Congo
64%
580Malaysia
62%
884Vietnam
61%
950Nigeria
58%
832Rep. of the Congo
56%
1,227Bangladesh
55%
1,168Myanmar
50%
801Papua New Guinea
31%

Score Distribution

Percentile by Number Answered

Percent of People with Each Score

Your Score History

You have not taken this quiz